| 000 | 00455nam a22001817a 4500 | ||
|---|---|---|---|
| 003 | OSt | ||
| 005 | 20250326160945.0 | ||
| 008 | 250326b |||||||| |||| 00| 0 eng d | ||
| 020 | _a981586403362 | ||
| 040 | _cCentral University Library | ||
| 110 | _aHolman Publishers | ||
| 245 | _aHolman Student Bible | ||
| 260 |
_aNashville, USA _bHolman Bible Publishers _c2003 |
||
| 300 | _c22cm | ||
| 490 | _3Theology | ||
| 600 | _2Theology | ||
| 942 |
_2lcc _cBK _n0 |
||
| 999 |
_c5222 _d5222 |
||